[Event "Salento op 6th"]
[Site "Gallipoli"]
[Date "2001.06.29"]
[Round "1"]
[White "Tommaselli, Giacomo"]
[Black "Quaranta, Vitaliano"]
[Result "1-0"]
[WhiteElo "1926"]
[BlackElo "1702"]
[PlyCount "47"]
[EventDate "2001.06.29"]
[EventType "swiss"]
[EventRounds "6"]
[EventCountry "ITA"]
[SourceTitle "EXT 2002"]
[Source "ChessBase"]
[SourceDate "2001.11.25"]
[SourceVersion "1"]
[SourceVersionDate "2001.11.25"]
[SourceQuality "1"]

1. d4 Nf6 2. Nf3 g6 3. Bg5 Bg7 4. e3 d5 5. Bd3 c5 6. c3 b6 7. Nbd2 0-0 8. 0-0 Ba6 9. Bxa6 Nxa6 10. h3 Nb8 11. Ne5 Nfd7 12. f4 f6 13. Nxd7 Qxd7 14. Bh4 Nc6 15. Qb3 Kh8 16. Nf3 e5 17. dxe5 fxe5 18. Rad1 exf4 19. Rxd5 Qe6 20. exf4 Qe3+ 21. Kh2 Qxf4+ 22. Bg3 Qf6 23. Rd6 c4 24. Qb5 1-0